Design and analysis of experiments /

Guardado en:
Autor Principal: Montgomery, Douglas C.
Formato: Libro
Idioma:English
Publicado: Hoboken, NJ : Wiley, c2005.
Edición:6th ed.
Materias:
Acceso en línea:Biografía del autor
Descripción
Tabla de contenido
Etiquetas: Agregar Etiqueta
Sin Etiquetas, Sea el primero en etiquetar este registro!
LEADER 01143cam a22002895a 4500
001 EIQ.libpla004118
008 050224s2005####njua###f#bs###001#0#eng#d
005 20080624151650.0
245 1 0 |a Design and analysis of experiments /  |c Douglas C. Montgomery. 
250 |a 6th ed. 
260 |a Hoboken, NJ :  |b Wiley,  |c c2005. 
300 |a xv, 643 p. :  |b il. ;  |c 26 cm. 
500 |a Ed previa: 2001. 
504 |a Incluye referencias bibliográficas (p. 595-601) e índice. 
020 |a 047148735X (hbk.) 
020 |a 0471661597 (WIE) 
100 1 |a Montgomery, Douglas C. 
082 0 4 |a 001.434  |2 22 
650 4 |a Estadística  |x Diseño experimental. 
650 4 |a Statistics  |x Experimental design. 
010 |a  2005295721 
016 7 |a 013018039  |2 Uk 
040 |a UKM  |c UKM  |d BGU  |d GZM  |d C#P  |d DLC  |d AR-BbSID 
856 4 2 |3 Biografía del autor  |u http://www.loc.gov/catdir/enhancements/fy0627/2005295721-b.html 
856 4 2 |3 Descripción  |u http://www.loc.gov/catdir/enhancements/fy0627/2005295721-d.html 
856 4 1 |3 Tabla de contenido  |u http://www.loc.gov/catdir/enhancements/fy0627/2005295721-t.html 
859 |a AR-BbSID  |b BIB. PLAPIQUI  |h 519.57  |i M 766  |p 6067